| 000 | 00493nam a22001817a 4500 | ||
|---|---|---|---|
| 005 | 20190614141430.0 | ||
| 008 | 160607b xxu||||| |||| 00| 0 spa d | ||
| 020 | _a9789968481472 | ||
| 041 | _aspa | ||
| 082 | _aCR 864.44 O96t | ||
| 100 |
_aOvares Barquero, Felipe _911135 |
||
| 245 | _aTragedia en el Virilla: 1926 | ||
| 260 |
_aCosta Rica _bEUNED _c2016 |
||
| 300 | _a528 páginas | ||
| 650 |
_aLITERATURA COSTARRICENSE _9424 |
||
| 650 |
_aNARRACIONES COSTARRICENSES _911136 |
||
| 942 | _cLIT | ||
| 999 |
_c8263 _d8263 |
||